|
|
|
|
| LEADER |
00000nam a22000007a 4500 |
| 005 |
20110919102047.0 |
| 008 |
110919s2009 be ||||s|||| 00| 0 fre d |
| 020 |
|
|
|a 978-2-87496-041-3
|
| 035 |
|
|
|a 4812
|
| 040 |
|
|
|a vLex
|
| 090 |
|
|
|c 2491
|d 2491
|
| 100 |
1 |
|
|a Kaesmacher, Dominique
|
| 245 |
1 |
0 |
|a Brevets, marques, droits d'auteur...
|h [Recurso electrn̤ico] :
|b mode d'emploi /
|c Dominique Kaesmacher, Thǒdora Stamos
|
| 256 |
|
|
|a Servicio en ln̕ea.
|
| 260 |
|
|
|a [Bľgica] :
|b Edipro,
|c 2009.
|
| 300 |
|
|
|a 1 recurso electrn̤ico
|
| 506 |
1 |
|
|a Contenido solo disponible en los productos indicados
|d vLex Global
|d vLex Global (Academic Edition, excluding Law Schools)
|d vLex Global (U.S. Academic Edition, Law Schools)
|d vLex Global (U.S. Academic Edition, excluding Law Schools)
|d vLex Global (Academic Edition, Law Schools)
|
| 650 |
0 |
4 |
|a Derechos de autor
|z Bľgica
|
| 650 |
0 |
4 |
|a Propiedad intelectual
|z Bľgica
|
| 700 |
1 |
|
|a Stamos, Thǒdora
|
| 740 |
0 |
|
|a vLex Libros (Servicio en ln̕ea)
|
| 856 |
4 |
0 |
|u http://vlex.com/source/brevets-marques-droits-auteur-4812
|z Acceso restringido
|
| 942 |
|
|
|c BOOK
|